German Occupation Words Quiz - Statistics

General Stats
  • This quiz has been taken 94 times
  • The average score is 17 of 24
Answer Stats
German English % Correct
Musiker musician
94%
Lehrer teacher
92%
Arzt doctor
90%
Koch cook
89%
Tanzer dancer
87%
Polizist policeman
86%
Politiker politician
86%
Bäcker baker
83%
Autor author
79%
Fahrer driver
77%
Bibliothekar librarian
76%
Ingenieur engineer
72%
Soldat soldier
72%
Feuerwehrmann fireman
70%
Zahnarzt dentist
68%
Krankenpfleger nurse
68%
Rechtsanwalt lawyer/solicitor/attorney/barrister
61%
Friseur hairdresser/barber
59%
Maler painter
59%
Briefträger postman
58%
Kellner waiter
58%
Landwirt/Bauer farmer
54%
Richter judge
52%
Haushälterin housekeeper
42%
No matching quizzes found
Score Distribution
Percent of People with Each Score
Percentile by Number Answered
Your Score History
You have not taken this quiz